000 00481nam a2200193Ia 4500
003 0100
008 130303s9999 xx 000 0 und d
020 _a30522536
040 _cARRUPELIB
050 _aBL240.2.H91993
100 _aHuchingson, James E
245 _aReligious and the Natural Sciences
245 _bThe Range of engagement
260 _aFort Worth
260 _bHarbourt Brace Jvanovich College Publishers
260 _C1993
300 _a422p
942 0 0 _02
999 _c16688
_d16688